Szczegóły MARC21

La dictée-questions au brevet.

005 -DATA I CZAS OSTATNIEJ MODYFIKACJI [,]
    • @
    • pole kontrolne
    • 20070315155141.9
020 -Międzynarod. znormalizowany nr książki - ISBN [ , ]
    • a
    • Numer ISBN
    • 2200077130 Find
040 -Instytucja sporządzająca opis [ , ]
    • a
    • Instytucja, która sporządziła opis (NP)
    • SZCZ U
    • c
    • Instytucja, która sporządziła rekord (NP)
    • SZCZ U
041 -Język dokumentu [0, ]
    • a
    • Język tekstu (P)
    • francuski
    • h
    • Język tekstu oryginalnego i/lub pośredniego (P)
    • francuski
942 -Rodzaj dokumentu [ , ]
    • c
    • Rodzaj dokumentu
    • Książka
100 -Hasło główne - nazwa osobowa [ , ]
    • a
    • Nazwa osobowa (NP)
    • BRUNEL FRANCOISE
245 -Strefa tytułu i oznaczenia odpowiedzialności [1, ]
    • a
    • Tytuł
    • La dictée-questions au brevet. Find
260 -Strefa adresu wydawniczego [ , ]
    • a
    • Miejsce wydania (P)
    • Paris :
    • b
    • Nazwa wydawcy (P)
    • Armand Colin,
    • c
    • Data wydania (P)
    • 1990.
300 -Strefa opisu fizycznego [ , ]
    • a
    • Określenie formy książki i/lub objętość (NP)
    • 79 s. :
    • c
    • Format (NP)
    • 21 cm.
490 -Strefa serii i książki wielotomowej - forma nie do wyszukiwania [0, ]
    • a
    • Tytuł (P)
    • (Flash. Colléges Find
080 -Uniwersalna Klasyfikacja Dziesiętna [ , ]
    • a
    • Symbol klasyfikacji
    • 372.880.40=40
080 -Uniwersalna Klasyfikacja Dziesiętna [ , ]
    • a
    • Symbol klasyfikacji
    • :804.0-1=40
080 -Uniwersalna Klasyfikacja Dziesiętna [ , ]
    • a
    • Symbol klasyfikacji
    • +804.0-5=40
980 -Symbol UKD [ , ]
    • a
    • UKD
    • 372.880.40:804.0-1+804.0-5]=40
920 -ISBN [ , ]
    • a
    • ISBN
    • 2-200-07713-0 Find
Numer inwentarzowy Status udost. Data inwentaryzacji Lokalizacja Sygnatura
M.285222000-03-09BM 
A.559112000-03-09BMFR. Metodyka - pisanie 16
A.5590-32000-03-09BM 
A.559222000-03-09BM